The Facts of Massachusetts Quiz Stats

 Plays Quiz not verified by Sporcle

Challenge
Share
Tweet
Embed
Score 0/16 Timer 03:00
0 Plays Today
Hints Answers % Correct
Capital of the state and unoffical capital of New EnglandBoston
99.1%
Second largest cityWorcester
91.9%
Third largest citySpringfield
86.5%
One of only four in the USCommonwealth
72.2%
You're a...if you're from hereBay Stater
61%
Oldest Town/CityPlymouth
38.6%
Highest PointMt. Greylock
35.4%
NFL teamNew England Patriots
30.5%
Hints Answers % Correct
Lowest PointAtlantic Ocean
30%
State BirdChickadee
29.6%
Oldest Institution of higher learningHarvard University
29.6%
MLB teamBoston Red Sox
29.6%
NBA teamBoston Celtics
29.6%
Largest Civil Engineering Project in US historyThe Big Dig
28.7%
Present GovernorDeval Patrick
28.7%
NHL teamBoston Bruins
28.3%

You're not logged in!

Compare scores with friends on all Sporcle quizzes.
Join for Free
OR
Log In

You Might Also Like...

Show Comments

Extras

Created Feb 13, 2011ReportNominate
Tags:massachusetts

Top Quizzes Today


Score Distribution

Your Account Isn't Verified!

In order to create a playlist on Sporcle, you need to verify the email address you used during registration. Go to your Sporcle Settings to finish the process.

Report this User

Report this user for behavior that violates our Community Guidelines.

Details: